000 00322nam a2200133 i 4500
001 bg
100 1 _aRIEKSTYNS, E.
245 1 0 _aAsimptoticeskie rozlożenija integralov.
_nT.3 /
_cE. Rijekstynsz.
260 _aRiga,
_c1981.
040 _cBPK
041 _apol
942 _cKS
008 s pl f |000 0 pol
999 _c21867
_d21867
856 _uhttp://koha.tu.koszalin.pl/cgi-bin/koha/opac-detail.pl?biblionumber=21867
_yKatalog online BPK